Las posibilidades y los límites de la participación politizada: consejos comunales, coproducción y poder popular en la Venezuela de Chávez /

Se realiza una crónica, vía estudio de caso, acerca de cómo los Consejos Comunales (más de 35 000) se establecieron para planificar y ejecutar proyectos locales de infraestructura y servicios básicos en Venezuela. Se observa como la participación politizada estimula el control jerárquico por parte d...

Celý popis

Uloženo v:
Podrobná bibliografie
Hlavní autor: McCarthy, Michael M.
Médium: Text
Jazyk:Spanish
Témata:
Tagy: Přidat tag
Žádné tagy, Buďte první, kdo vytvoří štítek k tomuto záznamu!

MARC

LEADER 00000 a a2200000 04500
001 46884
003 cru CIDCACS/IIS
005 20190227062530.0
007 ta
008 180823b mx ||||| |||| 00| 0 spa d
999 |c 29114  |d 29114 
040 |c cru CIDCACS/IIS 
100 |a McCarthy, Michael M. 
245 |a Las posibilidades y los límites de la participación politizada:   |b consejos comunales, coproducción y poder popular en la Venezuela de Chávez /  |c Michael M. McCarthy  
520 |a Se realiza una crónica, vía estudio de caso, acerca de cómo los Consejos Comunales (más de 35 000) se establecieron para planificar y ejecutar proyectos locales de infraestructura y servicios básicos en Venezuela. Se observa como la participación politizada estimula el control jerárquico por parte del Poder Ejecutivo, a su vez que involucra a la ciudadanía, en un tipo de corresponsabilidad entre Gobierno Central y Consejos Comunales para la provisión y distribución de servicios públicos.  
650 4 |9 1963  |a GOBIERNO LOCAL 
650 0 |9 3757  |a PODER EJECUTIVO  
650 4 |9 3207  |a PARTICIPACION POLITICA 
650 0 |a SERVICIOS PUBLICOS  |9 2262 
650 0 |9 377  |a DESARROLLO DE LA COMUNIDAD 
651 0 |9 1095  |a VENEZUELA 
773 |g páginas 167-198  
942 |2 ddc  |c LI